000 01045cam a2200301 i 4500
005 20230705144603.0
008 140530s2014 ne a 001 0 eng
010 _a 2014017844
020 _a9780124167018 (pbk)
040 _aDLC
_beng
_cDLC
_erda
_dDLC
042 _apcc
082 0 0 _a004.36
_223
_bHUF-W
100 1 _aHuffman, Clint,
245 1 0 _aWindows performance analysis field guide /
_cClint Huffman.
260 _aUSA
_bHuffman
_c2015
264 1 _aAmsterdam ;
_aBoston :
_bElsevier, Syngress,
_c[2014]
300 _axxv, 349 pages :
_billustrations ;
_c23 cm
336 _atext
_btxt
_2rdacontent
337 _aunmediated
_bn
_2rdamedia
338 _avolume
_bnc
_2rdacarrier
500 _aIncludes index.
650 0 _aWindows (Computer programs)
650 0 _aDebugging in computer science.
650 0 _aClient/server computing
_xEquipment and supplies.
906 _a7
_bcbc
_corignew
_d1
_eecip
_f20
_gy-gencatlg
999 _c18832
_d18832